Performance Management Systems at Mobilink: Perspectives of Multiple Stakeholders / (Record no. 527097)

000 -LEADER
fixed length control field 00597nam a22001937a 4500
003 - CONTROL NUMBER IDENTIFIER
control field NUST
005 - DATE AND TIME OF LATEST TRANSACTION
control field 20190720111814.0
008 - FIXED-LENGTH DATA ELEMENTS--GENERAL INFORMATION
fixed length control field 190720b ||||| |||| 00| 0 eng d
020 ## - INTERNATIONAL STANDARD BOOK NUMBER
Qualifying information Hard Cover.
038 ## - RECORD CONTENT LICENSOR
Staff Name Attaullah.
082 ## - DEWEY DECIMAL CLASSIFICATION NUMBER
Classification number 658.4
100 ## - MAIN ENTRY--PERSONAL NAME
Personal name Qureshi, Rehan Ahmad
9 (RLIN) 18192
245 ## - TITLE STATEMENT
Title Performance Management Systems at Mobilink: Perspectives of Multiple Stakeholders /
Statement of responsibility, etc. Rehan Ahmad Qureshi.
260 ## - PUBLICATION, DISTRIBUTION, ETC.
Place of publication, distribution, etc. Islamabad :
Name of publisher, distributor, etc. NBS - NUST,
Date of publication, distribution, etc. 2015.
300 ## - PHYSICAL DESCRIPTION
Extent 127 p. : ill. ;
Dimensions 30cm.
650 ## - SUBJECT ADDED ENTRY--TOPICAL TERM
Topical term or geographic name entry element EMBA Thesis.
9 (RLIN) 17645
700 ## - ADDED ENTRY--PERSONAL NAME
Personal name Syeda Ambreen Zehra Taqvi.
9 (RLIN) 18193
942 ## - ADDED ENTRY ELEMENTS (KOHA)
Source of classification or shelving scheme
Koha item type Thesis
Holdings
Withdrawn status Lost status Source of classification or shelving scheme Damaged status Not for loan Permanent Location Current Location Shelving location Date acquired Full call number Barcode Date last seen Price effective from Koha item type
          Central Library (CL) Central Library (CL) Thesis 07/20/2019 658.4 CL-T-2733 07/25/2019 07/20/2019 Thesis
© 2023 Central Library, National University of Sciences and Technology. All Rights Reserved.